=LDR 00000nam 2200000 4500 =001 INLIS000000000015197 =005 20130612110459 =008 ***********************************Ind** =035 ##$$0010-061300000015197 =041 ##$$a Ind =082 ##$$a 621.64 =090 ##$$a 621.64 =100 ##$$a Hendardji =245 ##$$a Pompa, Buku Pelajaran untuk Perguruan Teknik Menengah, Hendardji L.W.P Bianchi P. Busman =260 ##$$a 1952 $b Jakarta =300 ##$$a 202 hlm, Ilus, 21cm =650 ##$$a Pompa =700 ##$$a Bianchi, L.W.P =850 ##$$a NBPNMAT